How 'green' is your workplace? (Record no. 78507)

MARC details
000 -LEADER
fixed length control field 00854cab a22001935a 4500
001 - CONTROL NUMBER
control field L136953
008 - FIXED-LENGTH DATA ELEMENTS--GENERAL INFORMATION
fixed length control field 070306e2007 xxk 000 0 eng d
035 ## - SYSTEM CONTROL NUMBER
System control number (Sirsi) u136953
041 ## - LANGUAGE CODE
Language code of text/sound track or separate title eng
100 1# - MAIN ENTRY--PERSONAL NAME
Personal name Dye, Patrick
245 00 - TITLE STATEMENT
Title How 'green' is your workplace?
260 ## - PUBLICATION, DISTRIBUTION, ETC.
Date of publication, distribution, etc. 2007
490 #0 - SERIES STATEMENT
Series statement Workplacelaw
Volume/sequential designation $( 24) February 2007, 16-18(3)
520 ## - SUMMARY, ETC.
Summary, etc. Discusses the challenges facilities management departments face in balancing sustainable practices with keeping employees happy. Discusses such measures as recruiting green representatives in each department, environmentally friendly office supplies, encouraging more environmentally friendly travel and the turning off of office equipment.
590 ## - LOCAL NOTE (RLIN)
Local note KA
651 #4 - SUBJECT ADDED ENTRY--GEOGRAPHIC NAME
Geographic name United Kingdom
Chronological subdivision
690 ## - LOCAL SUBJECT ADDED ENTRY--TOPICAL TERM (OCLC, RLIN)
Topical term or geographic name as entry element ENVIRONMENTAL AND LAND CONSULTANCY-ENERGY-ENERGY USE-ENERGY EFFICIENCY
942 ## - ADDED ENTRY ELEMENTS (KOHA)
Suppress in OPAC 0
Holdings
Withdrawn status Lost status Source of classification or shelving scheme Damaged status Not for loan Home library Current library Shelving location Date acquired Total Checkouts Full call number Barcode Date last seen Copy number Price effective from Koha item type
    Dewey Decimal Classification     London London Journal article 06/03/2007   L136953 136953-1001 06/08/2019 1 06/08/2019 Journal article